| 000 | 01368nam a2200349 a 4500 | ||
|---|---|---|---|
| 001 | ebr10427639 | ||
| 003 | CaPaEBR | ||
| 006 | m u | ||
| 007 | cr cn||||||||| | ||
| 008 | 080521s2008 enka sb 001 0 eng | ||
| 010 | _z 2008021934 | ||
| 020 | _z9780826483768 | ||
| 020 | _z0826483763 | ||
| 040 |
_aCaPaEBR _cCaPaEBR |
||
| 035 | _a(OCoLC)686739448 | ||
| 050 | 1 | 4 |
_aLB1025.3 _b.B4738 2008eb |
| 082 | 0 | 4 |
_a371.102 _222 |
| 100 | 1 | _aBest, Brin. | |
| 245 | 1 | 4 |
_aThe creative teaching & learning resource book _h[electronic resource] / _cBrin Best and Will Thomas. |
| 246 | 3 | _aCreative teaching and learning resource book | |
| 260 |
_a[London] ; _aNew York : _bContinuum International Publishing Group, _cc2008. |
||
| 300 |
_a238 p. : _bill. |
||
| 504 | _aIncludes bibliographical references (p. 233-235) and index. | ||
| 533 |
_aElectronic reproduction. _bPalo Alto, Calif. : _cebrary, _d2013. _nAvailable via World Wide Web. _nAccess may be limited to ebrary affiliated libraries. |
||
| 650 | 0 | _aCreative teaching. | |
| 650 | 0 | _aEffective teaching. | |
| 650 | 0 |
_aTeachers _xProfessional relationships. |
|
| 655 | 7 |
_aElectronic books. _2local |
|
| 700 | 1 |
_aThomas, Will, _d1968- |
|
| 710 | 2 | _aebrary, Inc. | |
| 856 | 4 | 0 |
_uhttp://site.ebrary.com/lib/rucke/Doc?id=10427639 _zAn electronic book accessible through the World Wide Web; click to view |
| 999 |
_c144252 _d144252 |
||